000 00283nam a2200109Ia 4500
008 220204s9999 xx 000 0 und d
082 _a065
_bCHA
100 _aChandler, Barbara
245 0 _aHome links: How to save time and money
260 _aDelhi
_bPustak Mahal
_c1983
942 _cBK
999 _c38437
_d38437